|
|
|
|
| LEADER |
00000cam a2200000 a 4500 |
| 001 |
vtls009668058 |
| 003 |
SK-MaSNL |
| 005 |
20260301130141.0 |
| 008 |
250313s1943 xo abo g 000 0 slo |
| 015 |
|
|
|a SNBA1981
|
| 020 |
|
|
|q (viazané)
|
| 035 |
|
|
|a (SVKBBclas03)vtls000044790
|
| 035 |
|
|
|a urn:nbn:sk:snk-am3huak
|
| 035 |
|
|
|a DB27AD94-920C-42BE-9EFB-D7F8567CEE82
|
| 035 |
|
|
|a urn:nbn:sk:snk-am00d9lh
|
| 040 |
|
|
|a SNK
|b slo
|c SNK
|e AACR2
|
| 041 |
0 |
|
|a slo
|
| 044 |
|
|
|a xo
|c SK
|
| 080 |
|
|
|a 008(437.6)
|2 2001
|
| 080 |
|
|
|a 342.1(437.6)
|2 2001
|
| 080 |
|
|
|a 398(437.6)
|2 2001
|
| 080 |
|
|
|a 572
|2 2001
|
| 080 |
|
|
|a 7.041.8
|2 2001
|
| 080 |
|
|
|a (048.8:082)
|2 2011
|
| 245 |
0 |
0 |
|a Slovenská vlastiveda
|n II
|p Duchovná kultúra slovenského ľudu
|c redigoval Ľudovít Novák
|
| 260 |
|
|
|a Bratislava
|b Slovenská akadémia vied a umení
|c 1943
|e Turčiansky Sv. Martin
|f Kníhtlačiarsky účastinársky spolok
|
| 300 |
|
|
|a [6], 462, [8] s.
|b fotogr., obr., mp., grafy
|c 22 cm
|e Viaz. fotogr., mp. príl.
|
| 500 |
|
|
|a Prír. č. 117 je fond darov
|
| 500 |
|
|
|a Obsahuje 5 diel
|
| 504 |
|
|
|a Bibliogr. odkazy
|
| 650 |
0 |
7 |
|a slovenský folklór
|2 SNK
|9 31795
|
| 650 |
0 |
7 |
|a Slováci
|2 SNKPH
|9 22552
|
| 650 |
0 |
7 |
|a antropológia
|2 SNKPH
|9 717
|
| 650 |
0 |
7 |
|a vlastiveda
|2 SNKPH
|9 3887
|
| 650 |
0 |
7 |
|a folklór
|2 SNKPH
|9 19213
|
| 650 |
0 |
7 |
|a ľudová kultúra
|2 SNKPH
|9 66058
|
| 651 |
|
7 |
|a Slovensko
|2 SNKPHgeo
|
| 655 |
|
7 |
|a kolektívne monografie
|2 SNKPH
|9 249850
|
| 700 |
1 |
2 |
|a Novák, Ľudovít,
|d 1908-1992
|4 red
|9 108472
|
| 700 |
1 |
2 |
|a Bednárik, Rudolf,
|d 1903-1975
|t Duchovná kultúra slovenského ľudu
|4 aut
|9 477186
|
| 700 |
1 |
2 |
|a Melicherčík, Andrej,
|d 1917-1966
|t Slovenský folklor
|4 aut
|9 477187
|
| 700 |
1 |
2 |
|a Jurovský, Anton,
|d 1908-1985
|t Slovenská národná povaha
|4 aut
|9 477188
|
| 700 |
1 |
2 |
|a Franěk, Ľudovít
|t Antropologia
|4 aut
|9 477189
|
| 700 |
1 |
2 |
|a Bednárik, Rudolf,
|d 1903-1975
|t Hmotná kultúra slovenského ľudu
|4 aut
|9 477190
|
| 852 |
|
|
|a Slovenská národná knižnica
|
| 958 |
|
|
|a OND
|
| 958 |
|
|
|a NB
|
| 999 |
|
|
|c 744591
|d 746521
|
| 952 |
|
|
|a SNK
|b SNK
|y PREZ
|7 0
|p 17A0708438
|o snkSC 3133/2
|i snk145/44
|0 0
|1 0
|4 0
|d 2011-07-27
|f 1
|l 0
|r 2025-06-25 00:00:00
|w 2026-02-23
|
| 952 |
|
|
|t P60, <04>, [BOOK], {604}
|a SNK
|b SNK
|y VYP
|7 0
|p 17A0031332
|o snkSC 3133/2 D3
|i snkF 796/62
|0 0
|1 0
|4 0
|d 1997-01-14
|l 0
|r 2005-01-01 00:00:00
|w 2026-02-23
|
| 952 |
|
|
|a SNK
|b SNK
|y VYP
|7 0
|p 17A0082532
|o snkSC 3133/2 D2
|i snkKSF 4394/57
|8 5
|0 0
|1 0
|4 0
|d 1997-07-16
|l 0
|r 2005-01-01 00:00:00
|w 2026-02-23
|
| 952 |
|
|
|t snkSLO/2 908(437.6)
|a SNKUST
|b SNKUST
|y PREZ
|7 0
|p 17A0433590
|o snkSC 3133/2 D1
|i snkXI. 1055/55
|8 5
|0 0
|1 0
|4 0
|d 2004-06-24
|l 0
|r 2025-05-28 00:00:00
|w 2026-02-23
|